Guía del lector del Quijote: ensayo psicológico sobre el Quijote
Sparad:
| Huvudupphovsman: | |
|---|---|
| Materialtyp: | Bok |
| Språk: | spanska |
| Publicerad: |
Madrid
Espasa Calpe
1987
|
| Serie: | Selecciones Austral, 14
|
| Ämnen: | |
| Taggar: |
Lägg till en tagg
Inga taggar, Lägg till första taggen!
|
MARC
| LEADER | 00000nam a2200000 a 4500 | ||
|---|---|---|---|
| 001 | UCX6181 | ||
| 003 | CL-VaPUC | ||
| 008 | 930428e19870000SP |||||||||||||||||spa|d | ||
| 082 | 0 | 4 | |a 863.09 |b MAD |2 21 |
| 100 | |a Madariaga, Salvador de |e autor |9 579873 | ||
| 245 | 1 | 0 | |a Guía del lector del Quijote: ensayo psicológico sobre el Quijote |
| 300 | |a 215 p | ||
| 942 | |c BK | ||
| 945 | |d 19930428 00:00:00 | ||
| 260 | |a Madrid |b Espasa Calpe |c 1987 | ||
| 600 | 0 | |a Cervantes y Saavedra, Miguel de |9 267947 | |
| 650 | 0 | |a Crítica e interpretación |9 255042 | |
| 583 | |a last modification |c 19930428 00:00:00 |k Rodrigo Vera | ||
| 490 | 0 | |a Selecciones Austral, 14 | |
| 999 | |c 226253 |d 226251 | ||
| 952 | |0 0 |1 0 |4 0 |6 863_090000000000000_MAD_1987 |7 0 |8 A |9 224483 |a BIBEDU |b BIBEDU |d 2019-11-15 |i 2932369 |l 1 |o 863.09 MAD 1987 |p 2932369 |r 2022-10-27 |s 2022-10-24 |w 2019-11-15 |y BK |k LIT | ||